000
00456nam a22001217a 4500
040
_c
HS
082
_a
338
100
_a
ចាន់ ប៊ុននិវត្តន៍
245
_a
Economics development សេដ្ឋកិច្ចអភិវឌ្ឍន៍
260
_a
វិទ្យាស្ថានអន្តរជាតិនៃកម្ពុជា
_b
ចាន់ ប៊ុននិវត្តន៍
_c
2007
300
_a
221p;
942
_c
KB
999
_c
9744
_d
9744